04066 am a2200853 a 450000500170000000800410001702000150005804100080007310000280008124501240010925000850023326000570031830000120037550001890038765300640057665300360064065300230067665300470069965300470074665300520079365300560084565300410090165300760094265301340101865300670115265300430121965300180126265300280128065300370130865300270134565300280137265300490140065300250144965300280147465300220150265300430152465300420156765300440160965300430165365300270169665300340172365300930175765300590185065300500190965300280195965300580198765300410204565300180208665300260210465300870213065300190221765300310223665300880226765300360235565300440239165300430243565300450247865300700252365300230259365300350261665300800265165300390273165300430277065300270281365300570284065300480289765300310294565300450297665300260302165300270304765300430307465300660311770000290318320240624091130.0100708s2004||||sp a f |||| 001 0 spa d a9875155071 aspa1 aSadock, Benjamin James. aKaplan-Sadock. Sinopsis de psiquiatría. bCiencias de la conducta. Psiquiatría clínica /cBenjamín James Sadock a9a ed. en españolbTraducción Gabriela López; Adriana Morando y Javier Mas aBuenos Aires ; Madrid: bWaverly Hispánica;c2004. a1460 p. aSadock, B. J. y Sadock, V. A. (2004). Kaplan-Sadock. Sinopsis de psiquiatría. Ciencias de la conducta. Psiquiatría clínica. (9a ed.). Buenos Aires ; Madrid : Waverly Hispánica. aRelación médico-paciente y las técnicas de entrevista aDesarrollo humano y ciclo vital aCerebro y conducta aAportaciones de las ciencias psicosociales aExploración neuropsicológica clínica aTeorías de la personalidad y psicopatología aExploración clínica del paciente psiquiátrico aSignos y síntomas en psiquiatría aClasificación en pediatría y escalas de evaluación psiquiátrica aDelirio, demencia y trastornos amnésicos; trastornos cognitivos, trastornos mentales debidos a enfermedades médicas generales aAspectos neuropsiquiátricos de la infección por VIH y SIDA aTrastornos relacionados con sustancias aEsquizofrenia aTrastornos psicóticos aTrastornos del estado de ánimo aTrastornos de ansiedad aTrastornos somatomorfos aSíndrome de fatiga crónica y neurastemia aTrastornos facticios aTrastornos disociativos aSexualidad humana aTrastornos de la identidad de género aTrastornos de la conducta alimentaria aSueño normal y trastornos del sueño aTrastornos del control de los impulsos aTrastornos adaptativos aTrastornos de la personalidad aFactores psicológicos que inciden en enfermedades médicas y medicina psicosomática aMedicina complementaria y alternativa en psiquiatría aPsiquiatría y medicina de la reproducción aProblemas de relación aProblemas relacionados con abuso, maltrato y abandono aMedicina psiquiátrica de urgencias aPsicoterapias aTerapias biológicas aPsiquiatría infantil: evaluación, exploración y exámenes psicobiológicos aRetraso mental aTrastornos del aprendizaje aTrastorno de las habilidades motoras: trastorno del desarrollo de la coordinación aTrastornos de la comunicación aTrastornos generalizados del desarrollo aTrastornos por déficit de atención aTrastornos de comportamiento perturbador aTrastornos alimentarios de los lactantes y los niños pequeños aTrastornos de tics aTrastornos de la eliminación aTrastornos del estado de ánimo y suicidio en la niñez y la adolescencia aEsquizofrenia de comienzo temprano aAbuso de sustancias en la adolescencia aPsiquiatría infantil aTratamiento psiquiátrico de niños y adolescentes aAspectos forenses en psiquiatría infantil aPsiquiatría geriátrica aCuidados terminales y medicina paliativa aPsiquiatría forense aEtica en psiquiatría aPsiquiatría pública y hospitalaria aSistema de atención de la salud en psiquiatría y medicina1 aSadock, Virginia Alcott.